|
|
|
|
| LEADER |
01143nam a22003011a 4500 |
| 001 |
000037742 |
| 003 |
14037 |
| 005 |
20201204145426.0 |
| 008 |
160412s1991 000 |
| 020 |
|
|
|a 0340526262 :
|
| 040 |
|
|
|a lnn
|c lnn
|d lnn
|
| 082 |
0 |
0 |
|a 418.007
|b CO-V
|
| 100 |
1 |
|
|a Cook, Vivian,
|d 1940-
|
| 245 |
1 |
0 |
|a Second language learning and language teaching /
|c Vivian Cook.
|
| 260 |
|
|
|a London ;
|a New York :
|b E. Arnold ;
|a New York, NY :
|b Distributed in the USA by Routledge, Chapman and Hall,
|c 1991.
|
| 300 |
|
|
|a iv, 168 p. :
|b ill. ;
|c 24 cm.
|
| 504 |
|
|
|a Includes bibliographical references (p. 154-165) and index.
|
| 650 |
|
0 |
|a Second language acquisition.
|
| 650 |
|
0 |
|a Language and languages
|x Study and teaching.
|
| OWN |
|
|
|a LNN
|
| 902 |
|
|
|a TKA
|
| AVA |
|
|
|a UDN50
|b LNN
|c English
|e available
|t Error 5001 Not defined in file expand_doc_bib_avail.
|f 1
|g 0
|h N
|i 0
|j AN
|
| 999 |
|
|
|a From the UDN01
|
| AVA |
|
|
|a UDN50
|b LNN
|c English
|e available
|t Error 5001 Not defined in file expand_doc_bib_avail.
|f 1
|g 0
|h N
|i 0
|j AN
|
| TYP |
|
|
|a Monograph
|
| 980 |
|
|
|a Mạng thư viện Đại học Đà Nẵng
|